[Event "Dulles Cherry Blossom op"]
[Site "Dulles"]
[Date "2022.05.30"]
[Round "9"]
[White "Haldankar, Ameya"]
[Black "Nair, Siddhant"]
[Result "0-1"]
[WhiteElo "1687"]
[BlackElo "1820"]
[PlyCount "66"]
[EventDate "2022.05.26"]
[EventType "swiss"]
[EventRounds "9"]
[EventCountry "USA"]
[SourceTitle "CBM 208 Extra"]
[Source "ChessBase"]
[SourceDate "2022.07.31"]
[SourceVersion "1"]
[SourceVersionDate "2022.07.31"]
[SourceQuality "1"]

1. e4 c5 2. Nf3 d6 3. d4 cxd4 4. Nxd4 Nf6 5. Nc3 g6 6. Be3 Bg7 7. f3 Nc6 8. Qd2 0-0 9. Bc4 Bd7 10. 0-0-0 Rc8 11. Bb3 Ne5 12. g4 Nc4 13. Bxc4 Rxc4 14. g5 Nh5 15. Nce2 Qc7 16. Ng3 Rc8 17. c3 Nf4 18. Kb1 Ne6 19. Nde2 b5 20. Rc1 Qa5 21. a3 Qc7 22. h4 Nc5 23. Bxc5 Qxc5 24. h5 a5 25. hxg6 fxg6 26. Qf4 b4 27. cxb4 axb4 28. Rxc4 Qxc4 29. Qd2 Be6 30. Nc1 bxa3 31. b3 Qb5 32. Ka2 Qe5 33. Nce2 Bxb3+ 0-1

[Event "Dulles Cherry Blossom op"]
[Site "Dulles"]
[Date "2022.05.29"]
[Round "7"]
[White "Tahmassebi, Bijan"]
[Black "Nair, Siddhant"]
[Result "1-0"]
[WhiteElo "2118"]
[BlackElo "1820"]
[PlyCount "95"]
[EventDate "2022.05.26"]
[EventType "swiss"]
[EventRounds "9"]
[EventCountry "USA"]
[SourceTitle "CBM 208 Extra"]
[Source "ChessBase"]
[SourceDate "2022.07.31"]
[SourceVersion "1"]
[SourceVersionDate "2022.07.31"]
[SourceQuality "1"]

1. e4 c5 2. Nf3 d6 3. d4 cxd4 4. Nxd4 Nf6 5. Nc3 g6 6. Be3 Bg7 7. f3 0-0 8. Qd2 Nc6 9. 0-0-0 d5 10. exd5 Nxd5 11. Nxc6 bxc6 12. Bd4 Bxd4 13. Qxd4 Qb6 14. Na4 Qc7 15. Bc4 Rd8 16. Nc5 Bf5 17. Bb3 Nf4 18. Qf2 Rxd1+ 19. Rxd1 Rd8 20. Re1 h5 21. g3 Nd5 22. a3 Rb8 23. Na6 Qb6 24. Qxb6 Rxb6 25. Nc5 Rb5 26. Ne4 Rb7 27. Ba4 Rc7 28. Nc5 Nb6 29. Bb3 Nd5 30. Na6 Rb7 31. Ba4 Rb6 32. Nc5 Kf8 33. Re5 Bc8 34. Bxc6 Rxc6 35. Rxd5 e6 36. Nd7+ Ke7 37. Ne5 exd5 38. Nxc6+ Kd6 39. Nxa7 Bd7 40. b3 Kc5 41. a4 Kd4 42. Kd2 f5 43. Nb5+ Kc5 44. f4 Bc6 45. Kc3 Bd7 46. b4+ Kb6 47. Kd4 Bc6 48. Nc3 1-0

[Event "Windsor NAYCC U12"]
[Site "Windsor"]
[Date "2016.08.09"]
[Round "4.107"]
[White "Liu, Bowser"]
[Black "Nair, Siddhant"]
[Result "0-1"]
[WhiteElo "895"]
[BlackElo "1825"]
[PlyCount "102"]
[EventDate "2016.08.07"]
[EventType "swiss"]
[EventRounds "9"]
[EventCountry "CAN"]
[SourceTitle "EXT 2022"]
[Source "ChessBase"]
[SourceDate "2021.10.06"]
[SourceVersion "1"]
[SourceVersionDate "2021.10.06"]
[SourceQuality "1"]

1. c4 Nf6 2. d4 g6 3. Nc3 Bg7 4. g3 d6 5. Bg2 0-0 6. Bg5 h6 7. Bd2 Nc6 8. e3 Bd7 9. Nge2 a6 10. 0-0 Rb8 11. Rb1 Na5 12. b3 c5 13. d5 b5 14. cxb5 axb5 15. Qc1 b4 16. Nd1 Bf5 17. e4 Nxe4 18. Bxh6 Bxh6 19. Qxh6 c4 20. Ne3 Qc8 21. Nxf5 Qxf5 22. Bxe4 Qxe4 23. Qe3 Qxe3 24. fxe3 c3 25. Rfc1 Rfc8 26. Rc2 Rb5 27. e4 f5 28. exf5 Rxd5 29. fxg6 Rd2 30. Rbc1 Rc5 31. Kf1 Rcd5 32. Ke1 e5 33. h4 Nc6 34. h5 Ne7 35. g4 Kg7 36. Ng3 R5d3 37. Ne2 Nd5 38. a3 Ne3 39. Rxc3 bxc3 40. Rxc3 Rxe2+ 41. Kxe2 Rxc3 42. Kf3 d5 43. b4 e4+ 44. Kf4 Ng2+ 45. Kg5 Rc6 46. h6+ Kg8 47. b5 Rd6 48. a4 e3 49. a5 e2 50. b6 e1Q 51. b7 Qe5# 0-1

[Event "Windsor NAYCC U12"]
[Site "Windsor"]
[Date "2016.08.09"]
[Round "5.103"]
[White "Nair, Siddhant"]
[Black "Ge, Jared"]
[Result "1-0"]
[WhiteElo "1825"]
[BlackElo "1405"]
[PlyCount "43"]
[EventDate "2016.08.07"]
[EventType "swiss"]
[EventRounds "9"]
[EventCountry "CAN"]
[SourceTitle "EXT 2022"]
[Source "ChessBase"]
[SourceDate "2021.10.06"]
[SourceVersion "1"]
[SourceVersionDate "2021.10.06"]
[SourceQuality "1"]

1. d4 d5 2. c4 e6 3. Nf3 Nf6 4. g3 c6 5. Bg2 Nbd7 6. 0-0 Bd6 7. Qc2 0-0 8. Nbd2 a6 9. b3 b5 10. c5 Bc7 11. Bb2 Re8 12. e4 e5 13. exd5 cxd5 14. c6 Nb6 15. dxe5 Ng4 16. Rfe1 f6 17. exf6 Rxe1+ 18. Rxe1 Nxf6 19. Ng5 Qd6 20. Bxf6 Qxf6 21. Re8+ Qf8 22. Qxh7# 1-0

[Event "Windsor NAYCC U12"]
[Site "Windsor"]
[Date "2016.08.07"]
[Round "1.98"]
[White "Li, Si R"]
[Black "Nair, Siddhant"]
[Result "1/2-1/2"]
[WhiteElo "1366"]
[BlackElo "1825"]
[PlyCount "104"]
[EventDate "2016.08.07"]
[EventType "swiss"]
[EventRounds "9"]
[EventCountry "CAN"]
[SourceTitle "EXT 2022"]
[Source "ChessBase"]
[SourceDate "2021.10.06"]
[SourceVersion "1"]
[SourceVersionDate "2021.10.06"]
[SourceQuality "1"]

1. e4 c5 2. Nf3 d6 3. d4 cxd4 4. Nxd4 Nf6 5. Nc3 g6 6. Be3 Bg7 7. f3 0-0 8. Qd2 Nc6 9. Bc4 Bd7 10. Bb3 Rc8 11. 0-0-0 Na5 12. h4 Nc4 13. Bxc4 Rxc4 14. h5 Nxh5 15. g4 Nf4 16. Qh2 h5 17. gxh5 Nxh5 18. Qe2 Bxd4 19. Bxd4 Rxd4 20. Rxd4 Ng3 21. Qh2 Nxh1 22. Qxh1 Kg7 23. Qd1 f6 24. f4 Qc8 25. f5 gxf5 26. Rd3 Rh8 27. Nd5 Kf7 28. Rc3 Bc6 29. b4 Qg8 30. b5 Qg5+ 31. Kb1 Bxb5 32. Rc7 Re8 33. Nxe7 Rxe7 34. Qd5+ Kf8 35. Rxe7 Kxe7 36. Qxb5 Qg1+ 37. Kb2 Qb6 38. Qxb6 axb6 39. exf5 d5 40. Kc3 Kd6 41. Kd4 b5 42. a3 b6 43. c3 Kc6 44. Ke3 Kc5 45. Kd3 Kc6 46. Ke3 Kd7 47. Kd3 d4 48. cxd4 Kc6 49. Kc3 b4+ 50. axb4 b5 51. Kd2 Kd6 52. Ke3 Ke7 1/2-1/2